000 00551nam a2200169Ia 4500
003 GCL
008 140319s9999 xx 000 0 ara d
040 _aGCL /
_cGCL
082 0 4 _a953.02
_bع ن
100 1 _aعون الشريف قاسم
245 1 0 _aنشأة الدولة الاسلامية على عهد رسول الله صلى الله عليه وسلم . /
_cعون الشريف قاسم
260 _a[S.N] :
_bدار الجيل ،
_c1991
300 _a419 ص
490 _a
650 0 4 _aالتاريخ الاسلامى
942 _2ddc
_cBK
999 _c37234
_d37234